Представление документа в формате RUSMARC

ПолеНазваниеЗначение
  Тип записи a
  Библиографический уровень m
001 Контрольный номер RU/IS/BASE/432039311
005 Дата корректировки 20240531092755.5
010 Индекс ISBN __
a ISBN 978-5-699-53827-0
b Уточнения в пер.
d Цена 258 р. 50 к.
9 Тираж 5 000 экз.
100 Данные общей обработки __
a Данные общей обработки 20130909d2013 ||| 0rusy0189 ca
101 Язык документа 0_
a Язык текста rus
102 Страна публикации __
a Страна публикации RU
105 Кодированные данные (монография) __
a Кодированные данные (монография) y###||||000|y
200 Заглавие и сведения об ответственности 1_
a Заглавие Немецко-русский, русско-немецкий тематический словарь. 5 000 слов и выражений
b Общее обозначение материала Текст
d Параллельное заглавие Deutch-russisches, russisch-deutsches worterbuch
g Последующие сведения об ответственности сост. Е. И. Харламова
g Последующие сведения об ответственности отв. ред. Н. Уварова
210 Выходные данные 1_
a Место издания Москва
c Издательство ЭКСМО
d Дата издания 2012
215 Физическое описание __
a Объем 414, [1] с.
d Формат 17 см.
225 Серия 0_
a Серия Словари
300 Общие примечания __
a Общие примечания 12+
606 Тематические рубрики 0_
a Основная рубрика Немецкий язык - Словари
610 Ключевые слова 0_
a Ключевые слова словари
a Ключевые слова словари тематические
a Ключевые слова словосочетания
a Ключевые слова фразеологизмы
a Ключевые слова лексика
a Ключевые слова язык немецкий
686 Индексы других классификаций __
a Классификационный индекс 81.2Нем
2 Код системы ББК
801 Источник записи _0
a Страна RU
b Организация МБУК ЦБС г. Ульяновска
c Дата составления 20130909
g Правила каталогизации RCR
801 Источник записи _1
a Страна RU
b Организация МБУК ЦБС г. Ульяновска
c Дата составления 20130909
g Правила каталогизации RCR
899 Данные о местонахождении __
i Авторский знак Н 50
j Расстановочный фильтр 81.2Нем
901 Тип документа __
t Тип документа m
910 Корректоры записи __
a Корректор записи Плотникова